Dictionary of Electrical Abbreviations Signs and Symbols (Record no. 564262)

000 -LEADER
fixed length control field 00358nam a2200121Ia 4500
008 - FIXED-LENGTH DATA ELEMENTS--GENERAL INFORMATION
fixed length control field 210430s9999 xx 000 0 und d
082 ## - DEWEY DECIMAL CLASSIFICATION NUMBER
Classification number 621.303 D5451 D
100 ## - MAIN ENTRY--PERSONAL NAME
Personal name Raj Mehra
9 (RLIN) 53904
245 ## - TITLE STATEMENT
Title Dictionary of Electrical Abbreviations Signs and Symbols
Statement of responsibility, etc. Raj Mehra
260 ## - PUBLICATION, DISTRIBUTION, ETC.
Place of publication, distribution, etc. New York
Name of publisher, distributor, etc. Simon and Schuster
Date of publication, distribution, etc. 1965
300 ## - PHYSICAL DESCRIPTION
Extent 642p.
942 ## - ADDED ENTRY ELEMENTS (KOHA)
Koha item type Book
Source of classification or shelving scheme
Holdings
Withdrawn status Lost status Damaged status Not for loan Collection code Permanent Location Current Location Shelving location Date acquired Total Checkouts Full call number Barcode Date last seen Price effective from Koha item type
          School of Chemical & Materials Engineering (SCME) School of Chemical & Materials Engineering (SCME) General Stacks 12/11/7   621.303 D5451 D SCME-3459 04/30/2021 04/30/2021 Book
© 2023 Central Library, National University of Sciences and Technology. All Rights Reserved.